000 00546nam a22001937a 4500
005 20260519110029.0
010 _aENG-148526
020 _a9789364445849
_c775.00
035 _aEN-132058
037 _bDBAD
082 _21
_a954
100 _aSangwan, Nitin
_975344
245 _aCourseware on Modern India/
_cSangwan, Nitin
250 _a1
260 _aChennai
_bMcGraw Hill
_c2026
270 _a5/90 A, Butt Road, St. Thomas Mount
_bChennai
_e600016
300 _a620p.
_c24cm(pb)
_bIndex
942 _2ddc
_cEN
_h954
_mSAN
_e1
999 _c216258
_d216258